Skoki Narciarskie - Zdobywcy Podium z Austrii (2010-2019) - Statystyki

Ogólne statystyki
  • Ten quiz został rozwiązany 91 razy
  • Średni wynik to 10 z 12
Statystyki odpowiedzi
Liczba podiów Lata aktywności Skoczek % Poprawnych
59 2012- Stefan Kraft
100%
44 2006-2021 Gregor Schlierenzauer
95%
21 2010-2025 Michael Hayboeck
92%
3 2001- Manuel Fettner
91%
1 2019- Jan Hoerl
87%
34 2002-2014 Thomas Morgenstern
87%
23 2002-2017 Andreas Kofler
83%
2 1997-2014 Wolfgang Loitzl
73%
1 2016- Daniel Huber
68%
3 2011-2015 Thomas Diethart
68%
11 1998-2014 Martin Koch
66%
2 2016- Philipp Aschenwald
57%
Nie znaleziono quizów pasujących do podanych kryteriów
Rozkład punktacji
Procent ludzi z każdym wynikiem
Percentyl według liczby udzielonych odpowiedzi
Twoja historia wyników
Nie rozwiązałeś tego quizu